Statistics for scientists and engineers (Record no. 544016)
[ view plain ]
| 000 -LEADER | |
|---|---|
| fixed length control field | 00465nam a22001451 4500 |
| 082 00 - DEWEY DECIMAL CLASSIFICATION NUMBER | |
| Classification number | 519.5062 |
| Author Mark | WIN |
| -- | L-4, P-10 |
| 100 1# - MAIN ENTRY--PERSONAL NAME | |
| Personal name | Wine, R. Lowell |
| 9 (RLIN) | 39549 |
| 245 10 - TITLE STATEMENT | |
| Title | Statistics for scientists and engineers |
| Statement of responsibility, etc. | [by] R. Lowell Wine. |
| 260 ## - PUBLICATION, DISTRIBUTION, ETC. | |
| Place of publication, distribution, etc. | Englewood Cliffs, N.J., |
| Name of publisher, distributor, etc. | Prentice-Hall |
| Date of publication, distribution, etc. | [1964] |
| 300 ## - PHYSICAL DESCRIPTION | |
| Extent | xvi, 671 p. |
| Other physical details | illus. |
| Dimensions | 24 cm. |
| 526 ## - STUDY PROGRAM INFORMATION NOTE | |
| Program name | 0 |
| Interest level | 0 |
| Reading level | 0 |
| Title point value | 519_506200000000000_WIN |
| 650 #0 - SUBJECT ADDED ENTRY--TOPICAL TERM | |
| Topical term or geographic name entry element | Mathematical statistics. |
| 9 (RLIN) | 61 |
| 650 #0 - SUBJECT ADDED ENTRY--TOPICAL TERM | |
| Topical term or geographic name entry element | MCE |
| 9 (RLIN) | 379 |
| 942 ## - ADDED ENTRY ELEMENTS (KOHA) | |
| Source of classification or shelving scheme | |
| Koha item type | Book |
| Withdrawn status | Lost status | Source of classification or shelving scheme | Damaged status | Not for loan | Permanent Location | Current Location | Date acquired | Total Checkouts | Full call number | Barcode | Date last seen | Price effective from | Koha item type |
|---|---|---|---|---|---|---|---|---|---|---|---|---|---|
| Military College of Engineering (MCE) | Military College of Engineering (MCE) | 04/09/2014 | 519.5062 WIN | MCE-2405 | 04/09/2014 | 04/09/2014 | Book |
